Statistiques concernant L'année 2019 en sport

Cliquez ici pour prendre le quiz!

Statistiques générales

  • Ce quiz a été pris 207 fois
  • Le résultat moyen est 10 sur 15

Statistiques - réponses

HintRéponse% Correct
Nation remportant la coupe du monde de football féminineEtats-Unis
98%
Club éliminant le PSG en huitième de finale de la ligue des champions de footballManchester United
89%
Footballeur argentin trouvant la mort dans un accident d'avion au dessus de la MancheEmiliano Sala
85%
Nombre de titres de champion de France de rugby remporté par le Stade Toulousain après la victoire lors de l'édition 2018-201920
72%
Cycliste français surnommé "Poupou", ou "l'éternel second", décédé cette année-làRaymond Poulidor
72%
Pays d'origine de la tenniswoman Ashleigh Barty, gagnante de Rolland-Garros et finissant n°1 mondiale du classement WTAAustralie
70%
Pays hôte de la coupe du monde de rugbyJapon
69%
Cycliste colombien de 22 ans, vainqueur du tour de FranceEgan Bernal
64%
Première franchise canadienne championne NBA, bien emmenée par Kawhi Leonard, Kyle Lowry ou encore Serge IbakaToronto Raptors
63%
Handballeur danois, meilleur joueur et meilleur buteur du championnat du mondeMikkel Hansen
60%
Ancien footballeur ayant son émission le vendredi de 18 h à 20 h sur RMCJerome Rothen
59%
Basketteur français figurant dans le meilleur 5 de la coupe du monde de basketEvan Fournier
53%
Pays d'origine de Mutaz Essa Barshim, ayant sauté la hauteur de 2,37m lors des championnats du monde d'athlétisme organisés dans ce même paysQatar
48%
Pilote britannique rookie, seul pilote n'ayant obtenu aucun point lors du championnat du monde de formule 1 2019George Russell
44%
Club d'une capitale africaine remportant la ligue des champions de la CAFES Tunis
31%

Distribution des résultats

Percentile par nombre de réponses

% des personnes avec chaque résultat

Votre développement - résultats

Vous n’avez pas pris ce quiz